Iniciación a juegos y deportes alternativos
সংরক্ষণ করুন:
| প্রধান লেখক: | |
|---|---|
| বিন্যাস: | গ্রন্থ |
| ভাষা: | স্প্যানিশ |
| প্রকাশিত: |
Madrid
Escuela Española
1997
|
| বিষয়গুলি: | |
| ট্যাগগুলো: |
ট্যাগ যুক্ত করুন
কোনো ট্যাগ নেই, প্রথমজন হিসাবে ট্যাগ করুন!
|
MARC
| LEADER | 00000nam a2200000 a 4500 | ||
|---|---|---|---|
| 001 | UCP3301 | ||
| 003 | CL-VaPUC | ||
| 008 | 990618e19970000SP |||||||||||||||||spa|d | ||
| 082 | 0 | 4 | |a 796.04 |b MAR |2 21 |
| 100 | |a Marqués Escámez, José Luis |e autor |9 430516 | ||
| 245 | 1 | 0 | |a Iniciación a juegos y deportes alternativos |
| 300 | |a 171 p | ||
| 942 | |c BK | ||
| 945 | |d 19990618 00:00:00 |a rbrito | ||
| 260 | |a Madrid |b Escuela Española |c 1997 | ||
| 650 | 0 | |a Deportes |9 224367 | |
| 650 | 0 | |a Educación física |9 240893 | |
| 650 | 0 | |a Juegos infantiles |9 307365 | |
| 650 | 0 | |a Educación básica |9 224933 | |
| 583 | |a last modification |c 20170829 03:51:11 |k Rodrigo Vera | ||
| 999 | |c 281669 |d 281667 | ||
| 952 | |0 0 |1 0 |4 0 |6 796_040000000000000_MAR_1997 |7 0 |8 A |9 322584 |a BIBEDU |b BIBEDU |d 2019-11-20 |i 3532046 |o 796.04 MAR 1997 |p 3532046 |r 2019-11-20 |w 2019-11-20 |y BK |k EFI | ||
| 952 | |0 0 |1 0 |4 0 |6 796_040000000000000_MAR_1997 |7 0 |8 A |9 322585 |a BIBEDU |b BIBEDU |d 2019-11-20 |i 3532054 |o 796.04 MAR 1997 |p 3532054 |r 2019-11-20 |w 2019-11-20 |y BK |k EFI | ||